Standard method of measurement of building works for use in Hong Kong, issued by the RICS and the Building Contractors` Association of Hong Kong (Record no. 87039)

MARC details
000 -LEADER
fixed length control field 00642cam a2200205 4500
001 - CONTROL NUMBER
control field D8422
008 - FIXED-LENGTH DATA ELEMENTS--GENERAL INFORMATION
fixed length control field 090401t1969 xxu||||| |||| 00| 0 eng d
035 ## - SYSTEM CONTROL NUMBER
System control number (Sirsi) u12907
041 ## - LANGUAGE CODE
Language code of text/sound track or separate title eng
050 ## - LIBRARY OF CONGRESS CALL NUMBER
Classification number 692.3095125
110 ## - MAIN ENTRY--CORPORATE NAME
Corporate name or jurisdiction name as entry element Royal Institution of Chartered Surveyors
Subordinate unit Hong Kong Branch
9 (RLIN) 1269
245 ## - TITLE STATEMENT
Title Standard method of measurement of building works for use in Hong Kong, issued by the RICS and the Building Contractors` Association of Hong Kong
250 ## - EDITION STATEMENT
Edition statement 2nd
260 ## - PUBLICATION, DISTRIBUTION, ETC.
Place of publication, distribution, etc. Hong Kong
Name of publisher, distributor, etc. RICS/BCAHK
Date of publication, distribution, etc. 1969
300 ## - PHYSICAL DESCRIPTION
Extent iv. 60p. 28cm
350 ## - PRICE (NR) (BK AM CF MU VM SE) [OBSOLETE]
Price 0
520 ## - SUMMARY, ETC.
Summary, etc. Filed at SMM 1969/1BC
942 ## - ADDED ENTRY ELEMENTS (KOHA)
Suppress in OPAC 0
948 ## - LOCAL PROCESSING INFORMATION (OCLC); SERIES PART DESIGNATOR (RLIN)
c (OCLC) 04/03/1997
Holdings
Withdrawn status Lost status Source of classification or shelving scheme Damaged status Not for loan Home library Current library Shelving location Date acquired Total Checkouts Full call number Barcode Date last seen Copy number Price effective from Koha item type
    Dewey Decimal Classification     London London Boxed set 15/01/1992   SMM 1969/1 30032202 06/08/2019 1 06/08/2019 Reference material
    Dewey Decimal Classification     London London Boxed set 15/01/1992   SMM 1969/1 30032206 06/08/2019 2 06/08/2019 Book